| 000 | 01275 a2200265 4500 | ||
|---|---|---|---|
| 001 | 21275 | ||
| 005 | 20260407155504.0 | ||
| 008 | 260407a1996 arg spa d | ||
| 003 | AR-UNSa-BCEJYS | ||
| 040 |
_aAR-UNSa-BCEJYS _bspa _cAR-UNSa-BCEJYS |
||
| 080 |
_a512 _xAlgebra |
||
| 245 | 1 | 0 | _aAlgebra y trigonometría con geometría analítica |
| 020 | _a970-625-065-4 | ||
| 250 | _a3a. ed. | ||
| 264 | 1 |
_aMéxico : _bGrupo Editorial Iberoamérica _c1996 |
|
| 300 |
_axix, 836 p. _c23 cm |
||
| 505 | _a1. Conceptos fundamentales de álgebra - 2. Ecuaciones y desigualdades - 3. Funciones y gráficas - 4. Funciones polinomiales y racionales - 5. Funciones exponenciales y logarítmicas - 6. Funciones trigonométricas - 7. Trigonometría analítica - 8. Aplicaciones de la trigonometría - 9. Sistemas de ecuaciones y de desigualdades - 10. Sucesiones, series y probabilidad - 11. Temas de geometría analítica | ||
| 041 | _aspa | ||
| 942 | _cBK | ||
| 590 | _aniveau_biblio:m niveau_hierar:0 | ||
| 100 | 1 | _aGonzález Pozo, Virgilio | |
| 700 | 1 | _aCole, Jeffery A. | |
| 700 | 1 | _aSwokowski, Earl W. | |
| 856 | 4 | 1 |
_uhttps://biblioeco.unsa.edu.ar/pmb/images/libros/Algebra y trigonometr?a con geometr?a anal?tica Swokowski, Earl W. (1996).jpg _yImagen de portada _qimage/jpeg |
| 999 |
_c798 _d798 |
||